| 000 | 00715nam a22001337a 4500 | ||
|---|---|---|---|
| 040 | _cRUA | ||
| 082 | _aVEM VON 2014 B534 Or.1 | ||
| 100 | _aVONG SOVANNARATH; វង្ស សុវណ្ណារ៉ាត់ | ||
| 245 | _aSurvay on canine pa vonus in clinic phal heng at takmoa town, kandal province, ការអង្កេតលើជំងឺរាកឈាមលើសុនខ នៅគ្លីនិក ព្យាបាលសត្វ ផល ហេង ក្រុងតាខ្មៅ ខេត្តកណ្ដាល | ||
| 260 |
_aPhnom Penh _bVON _c2014 |
||
| 300 |
_ax,32p. _bill. _c29cm. |
||
| 856 | _uhttps://drive.google.com/file/d/1lR16OrTCXScZOrStPXSF9KtZgG3hWrqU/view?usp=sharing | ||
| 942 | _cVEM | ||
| 999 |
_c10865 _d10865 |
||